Huddersfield Town Trivia - Statistics

General Stats
  • This quiz has been taken 27 times
  • The average score is 10 of 16
Answer Stats
Question Answer % Correct
What is the name of Huddersfield Town’s stadium? Accu Stadium
96%
What is Huddersfield Town’s nickname? The {Terriers}
96%
With which clubs does Huddersfield Town contest the West Yorkshire Derbies? Leeds United
80%
Who was the most recent captain of Huddersfield Town? Jonathan Hogg
72%
Which Huddersfield Town legend made 365 appearances across a 12-year spell and was club captain from 2021 until 2025? Jonathan Hogg
72%
With which clubs does Huddersfield Town contest the West Yorkshire Derbies? Bradford City
68%
From 1908 until 1994, Huddersfield Town played at which ground? Leeds Road
68%
Who is the current manager of Huddersfield Town? Lee Grant
68%
Who is Huddersfield Town’s record sale, joining AFC Bournemouth for £15m in 2019? Philip Billing
64%
Which team did Huddersfield Town beat 4-3 on penalties, following a 0-0 draw, to win the 2017 Championship Play-Off Final? Reading
64%
Who is Huddersfield Town’s record signing, arriving from AS Monaco for £17.5m in 2018? Terence Kongolo
56%
Which legendary manager guided Huddersfield Town to the 1922 FA Cup and the 1923/24 and 1924/25 First Division titles? Herbert Chapman
52%
Which Englishman is Huddersfield Town’s record appearance-maker with 574? Billy Smith
40%
Which team did Huddersfield Town beat in the 1922 FA Cup Final? Preston North End
40%
Who captained Huddersfield Town in their only two Premier League campaigns to date? Tommy Smith
36%
Which Englishman is Huddersfield Town’s record goalscorer with 159? George Brown
20%
No matching quizzes found
Score Distribution
Percent of People with Each Score
Percentile by Number Answered
Your Score History
You have not taken this quiz